Alfonso XIII y su tiempo / (Record no. 189816)

MARC details
000 -LEADER
campo de control de longitud fija 00807nam a2200229 i 4500
001 - NÚMERO DE CONTROL
campo de control 189816
003 - IDENTIFICADOR DE NÚMERO DE CONTROL
campo de control ES-MaACL
005 - FECHA Y HORA DE LA ÚLTIMA TRANSACCIÓN
campo de control 20250604062636.0
008 - DATOS DE LONGITUD FIJA--INFORMACIÓN GENERAL
campo de control de longitud fija 191128s1967 sp |||| | spa d
100 0# - ENTRADA PRINCIPAL--NOMBRE DE PERSONA
Nombre de persona Petrie, Charles.
9 (RLIN) 91541
245 10 - MENCIÓN DEL TÍTULO
Título Alfonso XIII y su tiempo /
Mención de responsabilidad, etc. Charles Petrie ; [traducción Araceli Guez] ; prólogo y notas de José Ramón Alonso.
260 ## - PUBLICACIÓN, DISTRIBUCIÓN, ETC.
Lugar de publicación, distribución, etc. Barcelona :
Nombre del editor, distribuidor, etc. Dima,
Fecha de publicación, distribución, etc. 1967.
300 ## - DESCRIPCIÓN FÍSICA
Extensión 258 p. ;
Dimensiones 23 cm.
490 1# - MENCIÓN DE SERIE
Mención de serie Colección "Nuestros días" ;
Designación de volumen o secuencia 7
600 04 - PUNTO DE ACCESO ADICIONAL DE MATERIA--NOMBRE DE PERSONA
Nombre de persona Alfonso
Numeración XIII,
Títulos y otros términos asociados al nombre Rey de España
9 (RLIN) 235132
651 #4 - PUNTO DE ACCESO ADICIONAL DE MATERIA--NOMBRE GEOGRÁFICO
Nombre geográfico España-
Subdivisión general Historia-
Subdivisión cronológica 1902-1931, Alfonso XIII
9 (RLIN) 8276
700 1# - ENTRADA AGREGADA--NOMBRE PERSONAL
Nombre de persona Guez, Araceli.
9 (RLIN) 168928
700 0# - ENTRADA AGREGADA--NOMBRE PERSONAL
Nombre de persona Alonso, José Ramón.
9 (RLIN) 20217
830 0# - PUNTO DE ACCESO ADICIONAL DE SERIE-TÍTULO UNIFORME
Título uniforme Colección "Nuestros días" ;
Designación de volumen o secuencia 7
9 (RLIN) 193408
852 ## - LOCALIZACIÓN
Ubicación ES-MaACL
Número de control de estantería P-1091-7
Holdings
Estatus retirado Estado de pérdida Estado de daño No para préstamo Biblioteca de origen Biblioteca actual Ubicación en estantería Fecha de adquisición Fuente de adquisición Total de préstamos Signatura topográfica completa Código de barras Visto por última vez Precio de reemplazo Tipo de ítem Koha
        Biblioteca del Ateneo de Madrid Biblioteca del Ateneo de Madrid Depósito 2 28/11/2019     P-1091-7 1201328 23/02/2023 23/02/2023 Libro impreso